| 000 | 00881nam a2200253 a 4500 | ||
|---|---|---|---|
| 001 | 000013990 | ||
| 005 | 20240412074240.0 | ||
| 008 | 091202s2006 dr r 001 0 spa d | ||
| 020 | _a9993442550 | ||
| 040 |
_aDO-SdBNP _bspa _cBNPHU |
||
| 082 |
_aRD863.44 _bG633c |
||
| 100 | 1 |
_aGómez, Miguel Ángel, _b1958- _922851 |
|
| 245 | 1 | 3 |
_aLa casa del diablo / _cMiguel Ángel Gómez ; presentación Alejandro Arvelo. |
| 260 |
_aSanto Domingo : _bDirección General de la Feria del Libro, _c2006. |
||
| 300 |
_a96 p. : _b23 cm. |
||
| 490 | 1 |
_aFERILIBRO ; _v94 |
|
| 500 | _aIncluye datos biográficos del autor en la solapa de la cubierta | ||
| 590 | _aInventariado, 2020/BT | ||
| 650 | 0 |
_aCuentos dominicanos _9176 |
|
| 650 | 0 |
_aLiteratura dominicana. _967 |
|
| 700 | 1 |
_aArvelo Alejandro _9147 |
|
| 830 | 0 |
_aFERILIBRO ; _n94 _931661 |
|
| 910 | _aValidado. Control de calidad. MMOLINA | ||
| 999 |
_c13594 _d13594 |
||